| 000 | 00834nam a2200205 i 4500 | ||
|---|---|---|---|
| 001 | 107623 | ||
| 003 | ES-MaACL | ||
| 005 | 20251009195332.0 | ||
| 007 | t| | ||
| 008 | 061121s1955 sp r ||||1| cat d | ||
| 100 | 1 |
_aMoscardó Cervera, Federico. _983741 |
|
| 245 | 1 | 0 |
_aValencia i el General Espartero _b: abdicació i retorn de la Reina Governadora a València (1840-1844) / _cper Frederic Moscardó Cervera; pròleg de Josep María Giménez Fayos ; dibuixos d'Antoni Ferrer. |
| 260 |
_aValencia : _b[s.n], _c[1955?] ( _fImp. V. Cortell) |
||
| 300 |
_a136 p. : _bil. ; _c17 cm. |
||
| 651 | 4 |
_aEspaña- _xHistoria- _y1840-1843, Regencia de Espartero. _9167869 |
|
| 700 | 1 |
_aGiménez Fayos, Josep Maria. _957046 |
|
| 700 | 1 |
_aFerrer, Antonio, _dn. 1899 _9161893 |
|
| 852 |
_aES-MaACL _jC-11126 _bR.38787 |
||
| 999 |
_c107623 _d107623 |
||